| 000 | 01672nam a2200265 a 4500 | ||
|---|---|---|---|
| 001 | 000027356 | ||
| 005 | 20200930030757.0 | ||
| 008 | 100407s1948 dr 001 0 spa d | ||
| 040 |
_aDO-SdBNP _bspa _cBNPHU |
||
| 082 |
_a972.93 _bP349r |
||
| 100 | 1 |
_aPeña Batlle, Manuel Arturo, _d1902-1954 _922838 |
|
| 245 | 1 | 3 |
_aLa rebelión del Bahoruco / _cManuel Arturo Peña Batlle. |
| 260 |
_aCiudad Trujillo, República Dominicana : _bImpresora Dominicana, _c1948. |
||
| 300 |
_a257 p. ; _c21 cm. |
||
| 500 | _aIncluye datos biográficos del autor en las solapas de la cubierta. | ||
| 504 | _aIncluye bibliografía y notas al pie de páginas. | ||
| 505 | 0 |
_gPresentación / _tEnriquillo y Boyá / _rFray Cipriano de Utrera -- _tUna carta de Enriquillo / _rEmilio Rodríguez Demorizi -- _tLa rebelión del Bahoruco / _gApéndice: _tInstrucción de gobierno a los Jerónimos -- _tRelación testimoniada del asiento que se ha tomado con el capitán Francisco de Barrionuevo para ir a la paz y quietud de los indio de las Sierras del Baraisco en el distrito de la Audiencia de Santo Domingo, año 1533 -- _gBibliografía -- |
|
| 600 | 1 | 4 |
_aCIPRIANO DE UTRERA, _cFRAY, _d1886-1958 _tENRIQUILLO Y BOYÁ _xCRÍTICA E INTERPRETACIÓN _938873 |
| 600 | 1 | 4 |
_aENRIQUILLO, _cCACIQUE, _d1503-1535 _xCRÍTICA E INTERPRETACIÓN _938874 |
| 650 | 4 |
_aTrato a los indígenas _zRepública Dominicana _xEnsayos, conferencias, etc. _938875 |
|
| 650 | 4 |
_aIndígenas de república dominicana _xCondiciones sociales _xEnsayos, conferencias, etc. _938876 |
|
| 651 | 4 |
_aRepública Dominicana _xHistoria _yCOLONIA, 1503-1795 _xEnsayos, Conferencias, Etc. _938877 |
|
| 910 | _aValidado. Control de calidad | ||
| 049 | _aBNPD | ||
| 999 |
_c26848 _d26848 |
||